Syndikovaný úver ako zdroj financovania spoločností

Pojem syndikovaný úver. Jeho základné znaky. Výhody syndikovaného úveru pre dĺžnika.

Gespeichert in:
Bibliographische Detailangaben
1. Verfasser: Polednáková, Anna, 1957-
Format: Buchkapitel
Sprache:Slowakisch
Schlagworte:
Tags: Tag hinzufügen
Keine Tags, Fügen Sie das erste Tag hinzu!

MARC

LEADER 00000naa a2200000 4500
001 0159858
005 20240502072753.8
041 0 |a slo 
044 |a SK 
245 1 0 |a Syndikovaný úver ako zdroj financovania spoločností  |c Anna Polednáková 
520 |a Pojem syndikovaný úver. Jeho základné znaky. Výhody syndikovaného úveru pre dĺžnika. 
610 2 0 |a úver syndikovaný 
610 2 0 |a zdroje finančné 
610 2 0 |a podnik 
610 2 0 |a trh kapitálový 
610 2 0 |a banky 
100 1 |a Polednáková, Anna, 1957-